Engineering economics and economic design for process engineers
Saved in:
| Hovedforfatter: | |
|---|---|
| Format: | Bog |
| Sprog: | engelsk |
| Udgivet: |
Boca Ratón
Taylor and Francis Group
2007
|
| Fag: | |
| Tags: |
Tilføj Tag
Ingen Tags, Vær først til at tagge denne postø!
|
MARC
| LEADER | 00000nam a2200000 a 4500 | ||
|---|---|---|---|
| 001 | UCI9892 | ||
| 003 | CL-VaPUC | ||
| 008 | 081212e20070000US |||||||||||||||||eng|d | ||
| 020 | |a 0849382122 | ||
| 082 | 0 | 4 | |a 332 |b BRO |2 21 |
| 100 | 0 | |a Brown, Thane |e author |9 533919 | |
| 245 | 1 | 0 | |a Engineering economics and economic design for process engineers |
| 300 | |a 347 p | ||
| 942 | |c BK | ||
| 945 | |d 20081212 00:00:00 |a jtorresc | ||
| 260 | |a Boca Ratón |b Taylor and Francis Group |c 2007 | ||
| 650 | 0 | |a Ingeniería económica |9 259938 | |
| 650 | 7 | |a ECONOMIA EN INGENIERIA |2 CL-VaPUC |9 434188 | |
| 650 | 0 | |a Análisis económico |9 259939 | |
| 583 | |a last modification |c 20081212 00:00:00 |k Rodrigo Vera | ||
| 999 | |c 332339 |d 332337 | ||
| 952 | |0 0 |1 0 |4 0 |6 332_000000000000000_BRO_2007 |7 0 |8 A |9 419950 |a BIBING |b BIBING |d 2019-11-22 |i 4504860 |o 332 BRO 2007 |p 4504860 |r 2025-01-20 |w 2019-11-22 |y BK |k EIB | ||